000 00371nam a2200157Ia 4500
008 230917s9999||||xx |||||||||||||| ||und||
020 _cRS75
040 _e20413
_aMAIN
041 _aEnglish
082 _a333.913 S93S
100 _aSivanappan, R K
245 0 _aSprinkler verigation
260 _aNew Delhi
_bOxford & IBH
_c1992
300 _avi, 146 p.
942 _cBK
999 _c97448
_d97448